[Event "Montcalm 1 2018-19"]
[Site "Quebec CAN"]
[Date "2018.10.04"]
[Round "5"]
[White "Lapierre, Gaetan"]
[Black "Gaulin, Gaetan"]
[Result "0-1"]
[WhiteElo "1775"]
[BlackElo "1936"]
[PlyCount "141"]
[EventDate "2018.09.06"]
[EventType "swiss"]
[EventRounds "5"]
[EventCountry "CAN"]

1. e4 c5 2. b4 cxb4 3. d4 e6 4. a3 Nf6 5. Bd3 Nc6 6. Nf3 d5 7. e5 Ne4 8. Bb2 f5
9. exf6 Nxf6 10. Ne5 Qc7 11. O-O Bd6 12. axb4 Nxe5 13. dxe5 Bxe5 14. Bb5+ Kf7
15. Bxe5 Qxe5 16. Nd2 Rf8 17. Nf3 Qf4 18. c4 Kg8 19. Qb3 a6 20. cxd5 exd5 21.
Rfe1 Bg4 22. Be2 Rae8 23. Rad1 Kh8 24. Nd4 Bxe2 25. Nxe2 Qc4 26. Nc1 Re4 27.
Rxe4 Qxe4 28. f3 Qe7 29. Nd3 Qe3+ 30. Kh1 Re8 31. Qb1 Qb6 32. Nf4 Qd6 33. Nd3
b6 34. Qc2 a5 35. bxa5 bxa5 36. Qa2 Ra8 37. g3 a4 38. Kg2 a3 39. Rb1 Qa6 40.
Rb3 Qc4 41. Ne5 Qc7 42. Nd3 Qe7 43. Nf4 g5 44. Nd3 h6 45. Nb4 Qe1 46. Nd3 Qa5
47. Qa1 Qa6 48. Nc5 Qe2+ 49. Kg1 Qe7 50. Rb7 Qxc5+ 51. Kg2 Qc2+ 52. Kh3 Qf5+
53. Kg2 Rc8 54. Qxa3 Re8 55. Qb2 Qe5 56. Qb6 Qe2+ 57. Kh3 Qe6+ 58. Qxe6 Rxe6
59. f4 Rd6 60. fxg5 hxg5 61. Rb3 d4 62. Rd3 Nd7 63. Kg2 Ne5 64. Rd1 Kg7 65. h3
d3 66. Kf2 Nc4 67. Kf3 Rd4 68. g4 Kf6 69. Kg3 Ke5 70. Kf2 Kf4 71. Kg2 0-1

[Event "Montcalm 1 2018-19"]
[Site "Quebec CAN"]
[Date "2018.10.04"]
[Round "5"]
[White "Sarra-Bournet, Marc"]
[Black "Auger, Bertrand"]
[Result "1-0"]
[WhiteElo "1874"]
[BlackElo "1909"]
[PlyCount "63"]
[EventDate "2018.09.06"]
[EventType "swiss"]
[EventRounds "5"]
[EventCountry "CAN"]

1. e4 e6 2. d4 d5 3. Nd2 c5 4. c3 Nc6 5. Ngf3 Nf6 6. e5 Nd7 7. Be2 Be7 8. O-O
O-O 9. Re1 cxd4 10. cxd4 f6 11. Bd3 fxe5 12. dxe5 Qb6 13. Nb3 Ndxe5 14. Nxe5
Nxe5 15. Rxe5 Qxf2+ 16. Kh1 d4 17. Rh5 g6 18. Rxh7 Bd6 19. Rh6 Bd7 20. Rxg6+
Kf7 21. Bh6 Qh4 22. g3 Bc6+ 23. Kg1 Bxg3 24. Rxg3 Qxh6 25. Bg6+ Ke7 26. Qxd4
Rf4 27. Qc5+ Kf6 28. Re1 Bd5 29. Qc3+ Ke7 30. Qc7+ Kf8 31. Qd6+ Kg8 32. Be4+
1-0

[Event "Montcalm 1 2018-19"]
[Site "Quebec CAN"]
[Date "2018.10.04"]
[Round "5"]
[White "Sauve, Richard"]
[Black "Genest, Dominic"]
[Result "0-1"]
[WhiteElo "1918"]
[BlackElo "1710"]
[PlyCount "92"]
[EventDate "2018.09.06"]
[EventType "swiss"]
[EventRounds "5"]
[EventCountry "CAN"]

1. d4 d5 2. c4 e6 3. Nc3 c6 4. Nf3 Nf6 5. e3 Nbd7 6. Qc2 Bd6 7. e4 dxe4 8. Nxe4
Nxe4 9. Qxe4 Nf6 10. Qc2 b6 11. Bd3 Bb7 12. O-O O-O 13. Bg5 h6 14. Bh4 c5 15.
dxc5 bxc5 16. Rad1 Bxf3 17. gxf3 Qe7 18. Rfe1 Bf4 19. Bg3 Nh5 20. Bh7+ Kh8 21.
Be4 Rad8 22. Rxd8 Rxd8 23. Rd1 f5 24. Rxd8+ Qxd8 25. Bc6 Qd4 26. Kg2 Kh7 27.
Be8 g6 28. Qb3 Ng7 29. Bc6 g5 30. Qc2 Kg6 31. a3 Kf6 32. b4 Bd6 33. Bxd6 Qxd6
34. Qc3+ e5 35. Bd5 Nh5 36. Kf1 Nf4 37. bxc5 Qxc5 38. Bb7 Qb6 39. Qb4 Qd8 40.
Bd5 Nxd5 41. cxd5 Qxd5 42. Kg2 Kg6 43. Qe7 e4 44. Qxa7 exf3+ 45. Kh3 Qe4 46.
Qb6+ Kh5 0-1

[Event "Montcalm 2 2018-19"]
[Site "Quebec CAN"]
[Date "2018.10.11"]
[Round "1"]
[White "Betancourt, Juan-Mauricio"]
[Black "Desbiens, Raphael"]
[Result "0-1"]
[WhiteElo "1933"]
[BlackElo "2207"]
[PlyCount "40"]
[EventDate "2018.10.11"]
[EventType "swiss"]
[EventRounds "5"]
[EventCountry "CAN"]

1. e4 e5 2. Nf3 Nc6 3. Bb5 a6 4. Ba4 Nf6 5. d3 b5 6. Bb3 Bc5 7. c3 d6 8. h3 Bb6
9. O-O Ne7 10. Qe2 Ng6 11. d4 Qe7 12. Bc2 Nh5 13. Re1 Ngf4 14. Qf1 Qf6 15. Kh2
g5 16. g3 Bxh3 17. Qg1 Ne6 18. Kxh3 g4+ 19. Kh2 gxf3 20. d5 Nhf4 0-1

[Event "Montcalm 2 2018-19"]
[Site "Quebec CAN"]
[Date "2018.10.11"]
[Round "1"]
[White "Boissinot, Claude"]
[Black "Sarra-Bournet, Marc"]
[Result "0-1"]
[WhiteElo "1488"]
[BlackElo "1872"]
[PlyCount "60"]
[EventDate "2018.10.11"]
[EventType "swiss"]
[EventRounds "5"]
[EventCountry "CAN"]

1. e4 e5 2. Nf3 Nc6 3. Bc4 Bc5 4. b4 Bxb4 5. c3 Ba5 6. O-O Nf6 7. d4 exd4 8.
cxd4 Nxe4 9. Ba3 d5 10. Bb5 Bd7 11. Qd3 a6 12. Bxc6 Bxc6 13. Rc1 Bb5 14. Qe3
Qf6 15. Nc3 Bc6 16. Ne5 Bxc3 17. Rxc3 Nxc3 18. Nxc6+ Qe6 19. Qxc3 Qxc6 20. Re1+
Kd8 21. Qh3 Re8 22. Rd1 Qe6 23. Qc3 Kd7 24. Rc1 Rac8 25. Bb4 b6 26. Qd2 a5 27.
Bc3 Qg4 28. f3 Qf5 29. Qb2 Qd3 30. Qb3 Qe3+ 0-1

[Event "Montcalm 2 2018-19"]
[Site "Quebec CAN"]
[Date "2018.10.11"]
[Round "1"]
[White "Cournoyer, Dominic"]
[Black "Labrecque, Rejean"]
[Result "0-1"]
[WhiteElo "1943"]
[BlackElo "1658"]
[PlyCount "114"]
[EventDate "2018.10.11"]
[EventType "swiss"]
[EventRounds "5"]
[EventCountry "CAN"]

1. c4 c5 2. Nf3 Nf6 3. d4 cxd4 4. Nxd4 g6 5. g3 Bg7 6. Bg2 O-O 7. O-O Nc6 8.
Nc3 a6 9. Rb1 Nxd4 10. Qxd4 d6 11. Qh4 Re8 12. Bg5 Rb8 13. Rbd1 Qb6 14. b3 Be6
15. Nd5 Bxd5 16. Bxd5 Nxd5 17. Rxd5 e6 18. Rd2 Rbc8 19. Rfd1 Rc6 20. Be7 Be5
21. Bf6 Bxf6 22. Qxf6 Qc7 23. e4 Rd8 24. Kg2 b5 25. cxb5 axb5 26. Qf4 Rd7 27.
Qe3 Rc3 28. Rd3 Rxd3 29. Rxd3 Qb7 30. f3 d5 31. Qd2 Qc6 32. exd5 Rxd5 33. Kf2
Qc5+ 34. Kg2 b4 35. Rxd5 exd5 36. Kf1 f6 37. Ke2 Kf7 38. Qd3 Ke6 39. Qa6+ Qd6
40. Qd3 Qe5+ 41. Qe3 d4 42. Qxe5+ fxe5 43. Kd2 g5 44. Kd3 Kd5 45. h3 h5 46. h4
g4 47. fxg4 e4+ 48. Ke2 hxg4 49. Kd2 Ke5 50. Ke2 Kf5 51. Kd2 Ke5 52. Ke2 e3 53.
Kd3 Kf5 54. Ke2 Ke4 55. Ke1 d3 56. Kd1 Kf3 57. h5 Kf2 0-1

[Event "Montcalm 2 2018-19"]
[Site "Quebec CAN"]
[Date "2018.10.11"]
[Round "1"]
[White "Dube, Dominic"]
[Black "Leblanc-Legault, Mathieu"]
[Result "1/2-1/2"]
[WhiteElo "1809"]
[BlackElo "1820"]
[PlyCount "125"]
[EventDate "2018.10.11"]
[EventType "swiss"]
[EventRounds "5"]
[EventCountry "CAN"]

1. e4 e5 2. Nf3 Nc6 3. Bb5 a6 4. Ba4 Nf6 5. d3 b5 6. Bb3 Bc5 7. h3 d6 8. Be3
Bxe3 9. fxe3 Na5 10. O-O O-O 11. Qe1 c5 12. Qh4 Bb7 13. g4 c4 14. g5 Nd7 15.
dxc4 bxc4 16. Ba4 Nc5 17. b4 cxb3 18. axb3 Nxe4 19. b4 Nc4 20. Re1 h6 21. gxh6
Qxh4 22. Nxh4 gxh6 23. Nf5 Kh7 24. Bb3 Rg8+ 25. Kh2 Ned2 26. Nh4 Nxb3 27. cxb3
Nb6 28. e4 Rac8 29. Ra2 Rc7 30. Nf5 Rg6 31. Rd2 Nc8 32. Na3 Rf6 33. Nc4 Bxe4
34. Nfxd6 Nxd6 35. Nxd6 Bc6 36. Rc1 Rf4 37. b5 axb5 38. Nxb5 Rd7 39. Nd6 Bb7
40. Rcd1 Bf3 41. Rf1 Rf6 42. Nc4 Rxd2+ 43. Nxd2 e4 44. Nxe4 Re6 45. Nc5 Re3 46.
b4 Bd5 47. Rb1 Be6 48. Nxe6 Rxe6 49. b5 Rb6 50. Kg3 Kg6 51. Kf4 Kf6 52. Ke4 Ke6
53. Kd4 Kd6 54. Kc4 f5 55. Rd1+ Kc7 56. Kc5 Rf6 57. Rg1 f4 58. b6+ Kb7 59. Rg7+
Kb8 60. Kb5 f3 61. Ka6 Rf8 62. Rb7+ Ka8 63. Ra7+ 1/2-1/2

[Event "Montcalm 2 2018-19"]
[Site "Quebec CAN"]
[Date "2018.10.11"]
[Round "1"]
[White "Lapierre, Gaetan"]
[Black "Hebert, Marc"]
[Result "1-0"]
[WhiteElo "1819"]
[BlackElo "1413"]
[PlyCount "53"]
[EventDate "2018.10.11"]
[EventType "swiss"]
[EventRounds "5"]
[EventCountry "CAN"]

1. e4 e5 2. Nf3 Nc6 3. Bb5 Nd4 4. Nxd4 exd4 5. Qe2 c6 6. Bc4 d6 7. O-O g6 8. d3
Bg7 9. Nd2 Ne7 10. f4 O-O 11. g4 d5 12. Bb3 Kh8 13. f5 gxf5 14. exf5 Ng8 15.
Nf3 Re8 16. Qf2 Nf6 17. h3 Qb6 18. Bf4 Bxf5 19. gxf5 Nh5 20. Bd2 Bf6 21. Nh2
Rg8+ 22. Ng4 Be5 23. Qh4 Nf6 24. Bf4 Nxg4 25. hxg4 Qc7 26. Bd2 Bg3 27. Qf6+ 1-0

[Event "Montcalm 2 2018-19"]
[Site "Quebec CAN"]
[Date "2018.10.11"]
[Round "1"]
[White "Sauve, Richard"]
[Black "Dube, Daniel"]
[Result "0-1"]
[WhiteElo "1842"]
[BlackElo "1764"]
[PlyCount "116"]
[EventDate "2018.10.11"]
[EventType "swiss"]
[EventRounds "5"]
[EventCountry "CAN"]

1. d4 Nf6 2. c4 e6 3. Nc3 Bb4 4. Qc2 d5 5. a3 Bxc3+ 6. Qxc3 dxc4 7. Qxc4 b6 8.
Nf3 Ba6 9. Qc2 O-O 10. g3 Bb7 11. Bg2 Be4 12. Qd1 Nbd7 13. O-O c5 14. dxc5 Nxc5
15. Qxd8 Rfxd8 16. Bg5 h6 17. Bxf6 gxf6 18. Rad1 Nb3 19. Rfe1 Rac8 20. h4 Kf8
21. Nh2 Bxg2 22. Kxg2 Rxd1 23. Rxd1 Rc2 24. Rd8+ Kg7 25. Ra8 Rxe2 26. Rxa7 Rxb2
27. a4 Na5 28. Nf3 Rb4 29. Ra6 e5 30. h5 Nc6 31. Nh4 Nd4 32. a5 b5 33. Rb6 Ra4
34. a6 b4 35. Nf3 Ne6 36. a7 Rxa7 37. Rxb4 Rd7 38. Nh4 Nd4 39. Nf3 Rd5 40. g4
f5 41. Nxd4 exd4 42. Kf3 d3 43. Rb1 d2 44. Rd1 fxg4+ 45. Kxg4 Kf6 46. f4 Rd4
47. Kf3 Kf5 48. Ke3 Rd7 49. Kf3 f6 50. Ke3 Kg4 51. Ke4 f5+ 52. Ke5 Rd3 53. Kf6
Kxf4 54. Kg6 Rd6+ 55. Kg7 Ke3 56. Rg1 d1=Q 57. Rxd1 Rxd1 58. Kxh6 f4 0-1

[Event "Montcalm 2 2018-19"]
[Site "Quebec CAN"]
[Date "2018.10.18"]
[Round "2"]
[White "Desbiens, Raphael"]
[Black "Leblanc-Legault, Mathieu"]
[Result "1-0"]
[WhiteElo "2207"]
[BlackElo "1820"]
[PlyCount "57"]
[EventDate "2018.10.11"]
[EventType "swiss"]
[EventRounds "5"]
[EventCountry "CAN"]

1. e4 e5 2. Nf3 Nc6 3. Bb5 a6 4. Ba4 Nf6 5. O-O Be7 6. Re1 b5 7. Bb3 O-O 8. d4
d6 9. c3 Bg4 10. Be3 Na5 11. dxe5 Bxf3 12. Qxf3 dxe5 13. Nd2 c6 14. Bc2 Nd7 15.
Rad1 Qc7 16. Qg3 Rfe8 17. f4 Nb7 18. Nf3 Bd6 19. f5 Bc5 20. Rxd7 Bxe3+ 21. Rxe3
Qxd7 22. f6 g6 23. Qg5 Qd6 24. Nh4 Rad8 25. Nf5 Qf8 26. Rh3 Kh8 27. Ne7 Rd6 28.
Qh4 h5 29. Qxh5+ 1-0

[Event "Montcalm 2 2018-19"]
[Site "Quebec CAN"]
[Date "2018.10.18"]
[Round "2"]
[White "Dube, Daniel"]
[Black "Betancourt, Juan-Mauricio"]
[Result "0-1"]
[WhiteElo "1764"]
[BlackElo "1933"]
[PlyCount "105"]
[EventDate "2018.10.11"]
[EventType "swiss"]
[EventRounds "5"]
[EventCountry "CAN"]

1. d4 Nf6 2. c4 e6 3. Nc3 Bb4 4. e3 Ne4 5. Qg4 Nxc3 6. a3 Be7 7. bxc3 O-O 8.
Bd3 d6 9. Qh5 f5 10. h4 Bd7 11. Qf3 e5 12. Qe2 e4 13. Bc2 c6 14. h5 d5 15. Nh3
Be6 16. Nf4 Bf7 17. cxd5 cxd5 18. Bb3 Qd7 19. Qa2 Rd8 20. c4 dxc4 21. Bxc4 Bd6
22. g3 Nc6 23. Bd2 Rac8 24. Bxf7+ Qxf7 25. Qxf7+ Kxf7 26. Ke2 Bxf4 27. gxf4 Ne7
28. h6 g6 29. Rac1 Ng8 30. Rc5 b6 31. Rc3 Rxc3 32. Bxc3 Rc8 33. Kd2 Ke6 34. Rb1
Rc7 35. a4 Nxh6 36. a5 bxa5 37. Bxa5 Rd7 38. Ra1 Ng4 39. Ke2 Rb7 40. Ra2 h5 41.
Bd8 Nh2 42. Kd2 Nf3+ 43. Kc3 h4 44. Ra1 h3 45. Kc4 h2 46. d5+ Kd7 47. Rh1 Kxd8
48. d6 Kd7 49. Kd5 a5 50. Ra1 Ng1 51. Rxa5 h1=Q 52. Rc5 Qh8 53. Rc3 0-1

[Event "Montcalm 2 2018-19"]
[Site "Quebec CAN"]
[Date "2018.10.18"]
[Round "2"]
[White "Dube, Dominic"]
[Black "Sauve, Richard"]
[Result "1-0"]
[WhiteElo "1809"]
[BlackElo "1842"]
[PlyCount "83"]
[EventDate "2018.10.11"]
[EventType "swiss"]
[EventRounds "5"]
[EventCountry "CAN"]

1. e4 e6 2. d4 d5 3. Nc3 Nf6 4. e5 Nfd7 5. f4 c5 6. Nf3 Nc6 7. Be3 cxd4 8. Nxd4
a6 9. Qd2 Nxd4 10. Bxd4 Bc5 11. Be2 O-O 12. O-O-O b5 13. g4 b4 14. Na4 Bxd4 15.
Qxd4 a5 16. h4 Ba6 17. Bd3 Qc7 18. Rde1 Rfc8 19. Re2 Qc6 20. b3 Bxd3 21. Qxd3
Nc5 22. Nxc5 Qxc5 23. f5 a4 24. fxe6 fxe6 25. Kb1 Rf8 26. h5 Rf4 27. Qg3 Raf8
28. bxa4 Rf3 29. Qe1 Qc4 30. h6 g6 31. Qd1 Ra3 32. c3 bxc3 33. Rhh2 d4 34. Ref2
Rxa4 35. Rxf8+ Kxf8 36. Rf2+ Ke8 37. Qf3 c2+ 38. Kc1 Rxa2 39. Qf8+ Kd7 40. Rf7+
Kc6 41. Qc8+ Kd5 42. Rd7+ 1-0

[Event "Montcalm 2 2018-19"]
[Site "Quebec CAN"]
[Date "2018.10.18"]
[Round "2"]
[White "Garcia Casillas, Carlos"]
[Black "Rutten, Benoit"]
[Result "1-0"]
[WhiteElo "1805"]
[BlackElo "1391"]
[PlyCount "51"]
[EventDate "2018.10.11"]
[EventType "swiss"]
[EventRounds "5"]
[EventCountry "CAN"]

1. e4 g6 2. d4 Bg7 3. Nc3 e6 4. Be3 d6 5. Qd2 h6 6. f4 Ne7 7. Nf3 a6 8. Bd3
Nbc6 9. O-O Bd7 10. a3 f5 11. d5 exd5 12. exd5 Na7 13. Rfe1 O-O 14. Bd4 c5 15.
dxc6 Naxc6 16. Bxg7 Kxg7 17. Kh1 Qb6 18. Bc4 Qc7 19. Rad1 b5 20. Bb3 Rae8 21.
Qxd6 Qxd6 22. Rxd6 Bc8 23. h3 Bb7 24. Rd7 Bc8 25. Rc7 Kh8 26. Nh4 1-0

[Event "Montcalm 2 2018-19"]
[Site "Quebec CAN"]
[Date "2018.10.18"]
[Round "2"]
[White "Genest, Dominic"]
[Black "Fecteau, Martin"]
[Result "1/2-1/2"]
[WhiteElo "1719"]
[BlackElo "1900"]
[PlyCount "100"]
[EventDate "2018.10.11"]
[EventType "swiss"]
[EventRounds "5"]
[EventCountry "CAN"]

1. c4 e5 2. g3 c6 3. Nf3 d6 4. Nc3 Nf6 5. d3 Nbd7 6. Bg2 Be7 7. O-O O-O 8. a3
Re8 9. b4 Bf8 10. Qc2 Nb6 11. b5 d5 12. bxc6 bxc6 13. Na4 Nxa4 14. Qxa4 Bd7 15.
Bg5 c5 16. Bxf6 gxf6 17. Qc2 d4 18. Nd2 Rb8 19. Rfb1 Qc7 20. Ne4 Be7 21. Qc1
Kg7 22. Rxb8 Rxb8 23. Rb1 Rxb1 24. Qxb1 f5 25. Nd2 Bg5 26. Nf3 Bf6 27. Ne1 Qa5
28. Qc1 Qb6 29. Qc2 Qa5 30. Qc1 h6 31. h4 f4 32. Nf3 fxg3 33. fxg3 Qc3 34. Qb1
Qxa3 35. Qb7 Bf5 36. Qc7 Qc1+ 37. Kh2 Qe3 38. Qxc5 Qxe2 39. Nxd4 Qxd3 40. Nxf5+
Qxf5 41. Qxa7 e4 42. Qe3 Qe5 43. Qxe4 Qxe4 44. Bxe4 Bd4 45. h5 Kf6 46. g4 Ke5
47. Bf5 Kf4 48. Kg2 f6 49. Kf1 Ke3 50. Ke1 Bc5 1/2-1/2

[Event "Montcalm 2 2018-19"]
[Site "Quebec CAN"]
[Date "2018.10.18"]
[Round "2"]
[White "Hines, Jason"]
[Black "Lapierre, Gaetan"]
[Result "0-1"]
[WhiteElo "1549"]
[BlackElo "1819"]
[PlyCount "66"]
[EventDate "2018.10.11"]
[EventType "swiss"]
[EventRounds "5"]
[EventCountry "CAN"]

1. e4 g6 2. Nf3 Bg7 3. d4 d6 4. Bc4 Nf6 5. Qd3 c6 6. Qe3 d5 7. exd5 cxd5 8. Bd3
O-O 9. O-O Nc6 10. a3 e5 11. dxe5 Ng4 12. Qf4 Ngxe5 13. Be2 Nxf3+ 14. Bxf3 Nd4
15. Bd1 Re8 16. Be3 Nf5 17. c3 Bh6 18. Qf3 Nxe3 19. fxe3 Bxe3+ 20. Kh1 Bf5 21.
Bb3 Be4 22. Qxf7+ Kh8 23. a4 Qg5 24. Qf6+ Qxf6 25. Rxf6 Rf8 26. Rxf8+ Rxf8 27.
Na3 Rf2 28. h4 Rxg2 29. Bxd5 Bxd5 30. c4 Be4 31. Rg1 Rxb2+ 32. Rg2 Rxg2 33. Nb1
Rb2# 0-1

[Event "Montcalm 2 2018-19"]
[Site "Quebec CAN"]
[Date "2018.10.18"]
[Round "2"]
[White "Sarra-Bournet, Marc"]
[Black "Dumont, Eric"]
[Result "0-1"]
[WhiteElo "1872"]
[BlackElo "1684"]
[PlyCount "120"]
[EventDate "2018.10.11"]
[EventType "swiss"]
[EventRounds "5"]
[EventCountry "CAN"]

1. e4 c6 2. d4 d5 3. Nc3 dxe4 4. Nxe4 Bf5 5. Ng3 Bg6 6. Nf3 e6 7. h4 h6 8. Ne5
Bh7 9. Bd3 Bxd3 10. Qxd3 Nf6 11. Bd2 Bd6 12. Nc4 Bc7 13. Ne4 Nxe4 14. Qxe4 Nd7
15. Bb4 Nf6 16. Qd3 Nd5 17. Bd2 Qf6 18. g3 O-O-O 19. f4 Ne7 20. Ne5 Nf5 21. c3
c5 22. O-O-O cxd4 23. cxd4 Nxd4 24. Be3 Nc6 25. Qc3 Bxe5 26. fxe5 Qxe5 27. Qxe5
Nxe5 28. Bxa7 Rxd1+ 29. Rxd1 Rd8 30. Bd4 Rd5 31. Rd2 f6 32. Rc2+ Nc6 33. Bc5 h5
34. Bf8 g6 35. b4 Kd7 36. a4 Nd4 37. Rc4 Ne2+ 38. Kc2 Nxg3 39. b5 Nf5 40. Bc5
e5 41. Bf2 Nd6 42. Rb4 f5 43. Rb3 f4 44. Rb1 e4 45. Rg1 e3 46. Be1 f3 47. Bb4
f2 48. Rf1 Nf5 49. Be1 Ng3 50. Rxf2 exf2 51. Bxf2 Ne4 52. Be3 Nc5 53. a5 Ne6
54. a6 bxa6 55. bxa6 Ra5 56. a7 Ra6 57. Kd3 Ra4 58. Ke2 Nc7 59. Bf2 Ke6 60. Kd3
Nb5 0-1

[Event "Montcalm 2 2018-19"]
[Site "Quebec CAN"]
[Date "2018.10.25"]
[Round "3"]
[White "Betancourt, Juan-Mauricio"]
[Black "Dube, Dominic"]
[Result "1-0"]
[WhiteElo "1933"]
[BlackElo "1809"]
[PlyCount "107"]
[EventDate "2018.10.11"]
[EventType "swiss"]
[EventRounds "5"]
[EventCountry "CAN"]

1. e4 c6 2. Nc3 d5 3. Nf3 Bg4 4. h3 Bh5 5. exd5 cxd5 6. g4 Bg6 7. Bb5+ Nc6 8.
Ne5 Qd6 9. d4 a6 10. Nxg6 hxg6 11. Ba4 b5 12. Bb3 e6 13. Be3 Nf6 14. Qe2 Na5
15. O-O-O Nd7 16. f4 Nxb3+ 17. cxb3 Be7 18. Rdf1 Qc6 19. Kb1 Nf6 20. f5 gxf5
21. gxf5 b4 22. Na4 Ne4 23. Qg4 Bf6 24. Rc1 Qd7 25. Nb6 Qb5 26. Nxa8 Qd3+ 27.
Ka1 O-O 28. fxe6 fxe6 29. Qxe6+ Kh8 30. Qxd5 Rd8 31. Qc4 Qxc4 32. bxc4 Bh4 33.
Rhd1 a5 34. d5 Bf6 35. Bd4 Bg5 36. Rc2 a4 37. Re2 Nd6 38. Rg2 Bh6 39. Rg6 Kh7
40. Rdg1 Nf5 41. Bc5 Bd2 42. Rb6 Rc8 43. Rc6 Rd8 44. Rd1 Re8 45. Re6 Rc8 46.
Rxd2 Rxc5 47. Rc6 Ra5 48. c5 b3 49. d6 Ne3 50. a3 Rxa8 51. d7 Rf8 52. Rcd6 Rf1+
53. Rd1 Nxd1 54. d8=Q 1-0

[Event "Montcalm 2 2018-19"]
[Site "Quebec CAN"]
[Date "2018.10.25"]
[Round "3"]
[White "Cournoyer, Dominic"]
[Black "Genest, Dominic"]
[Result "1/2-1/2"]
[WhiteElo "1943"]
[BlackElo "1719"]
[PlyCount "131"]
[EventDate "2018.10.11"]
[EventType "swiss"]
[EventRounds "5"]
[EventCountry "CAN"]

1. c4 Nf6 2. Nc3 e6 3. Nf3 d5 4. cxd5 exd5 5. d4 Bf5 6. Bf4 c6 7. Qb3 Qb6 8. e3
Qxb3 9. axb3 Bb4 10. Nd2 O-O 11. Be2 Nbd7 12. O-O Rfe8 13. Nf3 Nf8 14. Ne5 Ne6
15. Bg3 Ne4 16. Nxe4 Bxe4 17. Nd3 Bf8 18. Rfc1 Bf5 19. Kf1 Ng5 20. Ke1 Be4 21.
Kf1 Bf5 22. Ra4 Ne4 23. Ke1 Nxg3 24. hxg3 Re6 25. Nc5 Bxc5 26. dxc5 Be4 27. f3
Bg6 28. Kf2 a6 29. Rb4 Re7 30. Rc3 Rae8 31. Bf1 Rd7 32. Rc1 Red8 33. Rd1 h6 34.
Rb6 Re8 35. Rd4 Rde7 36. Rdb4 Rxe3 37. Rxb7 Bd3 38. Bxd3 Rxd3 39. Rb8 Rd2+ 40.
Kf1 Rd1+ 41. Kf2 Rd2+ 42. Kg1 Rxb8 43. Rxb8+ Kh7 44. Rb6 a5 45. Rxc6 Rxb2 46.
Ra6 Rxb3 47. Rxa5 Rc3 48. Kf2 d4 49. Ke2 f6 50. Kd2 Kg6 51. Rb5 Kf7 52. Rb7+
Ke6 53. Rxg7 Rxc5 54. Kd3 Rd5 55. Rg4 Rg5 56. Re4+ Kf7 57. g4 Ra5 58. Rxd4 Ra2
59. g3 Rg2 60. Re4 Rxg3 61. Ke3 Rh3 62. Rd4 Kg6 63. Rd8 h5 64. gxh5+ Rxh5 65.
Rg8+ Kf7 66. Ra8 1/2-1/2

[Event "Montcalm 2 2018-19"]
[Site "Quebec CAN"]
[Date "2018.10.25"]
[Round "3"]
[White "Dube, Daniel"]
[Black "Desbiens, Raphael"]
[Result "1-0"]
[WhiteElo "1764"]
[BlackElo "2207"]
[PlyCount "65"]
[EventDate "2018.10.11"]
[EventType "swiss"]
[EventRounds "5"]
[EventCountry "CAN"]

1. e4 e5 2. Nf3 Nc6 3. Bb5 a6 4. Ba4 Nf6 5. O-O Be7 6. Re1 b5 7. Bb3 d6 8. c3
O-O 9. h3 Na5 10. Bc2 c5 11. d4 Qc7 12. Nbd2 cxd4 13. cxd4 Nc6 14. Nf1 Nxd4 15.
Nxd4 exd4 16. Bf4 Nd7 17. Rc1 Qb6 18. Ng3 Ne5 19. Nf5 Bxf5 20. exf5 Bf6 21. Be4
Rac8 22. Rxc8 Rxc8 23. g4 Nc4 24. g5 Be5 25. Qh5 Qd8 26. g6 fxg6 27. fxg6 Bf6
28. Bd5+ Kf8 29. Qxh7 Ne5 30. Bxe5 dxe5 31. Qg8+ Ke7 32. Qe6+ Kf8 33. Qf7# 1-0

[Event "Montcalm 2 2018-19"]
[Site "Quebec CAN"]
[Date "2018.10.25"]
[Round "3"]
[White "Hebert, Marc"]
[Black "Hines, Jason"]
[Result "1-0"]
[WhiteElo "1413"]
[BlackElo "1549"]
[PlyCount "97"]
[EventDate "2018.10.11"]
[EventType "swiss"]
[EventRounds "5"]
[EventCountry "CAN"]

1. d4 d6 2. c4 Nf6 3. Nc3 Nbd7 4. Nf3 e5 5. g3 h6 6. Bg2 Be7 7. O-O c6 8. Qc2
Qc7 9. b3 Nf8 10. Re1 Ng6 11. Bb2 Bd7 12. Rac1 Qc8 13. dxe5 dxe5 14. a3 Bh3 15.
Ne4 Nh5 16. Nxe5 Bxg2 17. Nxg6 fxg6 18. Kxg2 Qg4 19. Be5 O-O 20. f3 Qe6 21. Qc3
Rf5 22. f4 Raf8 23. Nf2 g5 24. e4 R5f7 25. f5 Qc8 26. Qf3 g6 27. Ng4 Kh7 28.
Ne3 Qe8 29. fxg6+ Kxg6 30. Nf5 Bb4 31. Bc3 Bxa3 32. Rcd1 Bc5 33. g4 Nf4+ 34.
Kg3 Qb8 35. e5 Re8 36. h4 a5 37. Nd6 Bxd6 38. Qe4+ Kg7 39. exd6+ Kf8 40. Qd4
gxh4+ 41. Kh2 Ng6 42. Rf1 Re2+ 43. Kg1 Qd8 44. Qd3 Re6 45. Rxf7+ Kxf7 46. Qf5+
Rf6 47. Bxf6 Qxf6 48. Qxf6+ Kxf6 49. d7 1-0

[Event "Montcalm 2 2018-19"]
[Site "Quebec CAN"]
[Date "2018.10.25"]
[Round "3"]
[White "Labrecque, Rejean"]
[Black "Garcia Casillas, Carlos"]
[Result "0-1"]
[WhiteElo "1658"]
[BlackElo "1805"]
[PlyCount "114"]
[EventDate "2018.10.11"]
[EventType "swiss"]
[EventRounds "5"]
[EventCountry "CAN"]

1. d4 Nf6 2. c4 e5 3. Bg5 exd4 4. Qxd4 Be7 5. Nf3 Nc6 6. Qd1 b6 7. e3 Bb7 8.
Be2 Ne4 9. Bxe7 Qxe7 10. O-O O-O-O 11. a3 g5 12. Nbd2 Nxd2 13. Nxd2 f5 14. Bf3
g4 15. Bd5 h5 16. b4 h4 17. Qb3 g3 18. h3 Rhf8 19. f3 Rde8 20. Rfe1 f4 21. Nf1
fxe3 22. Qxe3 Qg7 23. Qd2 Nd4 24. Rxe8+ Rxe8 25. Re1 Rf8 26. Bxb7+ Kxb7 27. Qe3
d5 28. Rd1 Nf5 29. Qd3 d4 30. Re1 Qf6 31. Nd2 Qg5 32. Re5 Qf4 33. Qe4+ Qxe4 34.
Rxe4 d3 35. Kf1 Rd8 36. b5 Rd4 37. Ke1 Rxe4+ 38. fxe4 Ne3 39. Nf3 Nxg2+ 40. Kd2
Nf4 41. Nxh4 g2 42. Nf3 Nxh3 43. Kxd3 g1=Q 44. Nxg1 Nxg1 45. e5 Kc8 46. Ke4 Kd7
47. Kd5 Ne2 48. e6+ Kd8 49. Kc6 Nd4+ 50. Kb7 Nxe6 51. Kxa7 Nc5 52. Kb8 Kd7 53.
Ka7 Kd6 54. Kb8 Na4 55. Kb7 Nb2 56. c5+ bxc5 57. b6 cxb6 0-1

[Event "Montcalm 2 2018-19"]
[Site "Quebec CAN"]
[Date "2018.10.25"]
[Round "3"]
[White "Lapierre, Gaetan"]
[Black "Dumont, Eric"]
[Result "1-0"]
[WhiteElo "1819"]
[BlackElo "1684"]
[PlyCount "73"]
[EventDate "2018.10.11"]
[EventType "swiss"]
[EventRounds "5"]
[EventCountry "CAN"]

1. e4 c6 2. d4 d5 3. e5 c5 4. c3 Nc6 5. Be3 cxd4 6. cxd4 Bf5 7. Nc3 e6 8. Nf3
Bg4 9. Be2 Nge7 10. Nd2 Bxe2 11. Qxe2 Nf5 12. Nf3 Qb6 13. Rd1 Be7 14. O-O O-O
15. g4 Nxe3 16. fxe3 f6 17. exf6 Rxf6 18. Kh1 Raf8 19. Kg2 Bd6 20. e4 Rxf3 21.
Rxf3 Rxf3 22. Qxf3 Qxb2+ 23. Ne2 e5 24. Rf1 h6 25. Qf7+ Kh7 26. Rf2 Qc2 27.
Qxd5 Be7 28. Ng3 Qd1 29. Qe6 Qxd4 30. Qf5+ Kh8 31. Qc8+ Kh7 32. Qxb7 Bc5 33.
Rf7 Ne7 34. Rxe7 Qf2+ 35. Kh3 Qf8 36. Rf7 Qg8 37. Nh5 1-0

[Event "Montcalm 2 2018-19"]
[Site "Quebec CAN"]
[Date "2018.10.25"]
[Round "3"]
[White "Le-Huu, Pascal"]
[Black "Perreault, Jacquelin"]
[Result "0-1"]
[WhiteElo "1217"]
[BlackElo "1745"]
[PlyCount "73"]
[EventDate "2018.10.11"]
[EventType "swiss"]
[EventRounds "5"]
[EventCountry "CAN"]

1. d4 Nf6 2. Bf4 e6 3. Nf3 b6 4. e3 Bb7 5. Bb5 a6 6. Bd3 d5 7. c3 Bd6 8. Bg3
O-O 9. Qc2 c5 10. Ng5 h6 11. Nf3 Nc6 12. Nbd2 Rc8 13. O-O cxd4 14. exd4 Nb4 15.
Qb1 Nxd3 16. Qxd3 Qc7 17. Rae1 Ne4 18. Bxd6 Qxd6 19. Ne5 Nxd2 20. Qxd2 Bc6 21.
f4 Bb5 22. Rf3 Bc4 23. a3 a5 24. Rg3 b5 25. Qd1 f6 26. Qg4 Rc7 27. Qg6 fxe5 28.
fxe5 Qe7 29. Qxh6 Qf7 30. h3 Qf2+ 31. Kh2 Qxg3+ 32. Kxg3 gxh6 33. b4 Rg7+ 34.
Kh2 Rf2 35. Rg1 Bf1 36. h4 Bxg2 37. bxa5 0-1